000 00768nam a2200241 a 4500
008 951213s1978||||[C 0 slo c
020 _c24 Kčs.
_q(9000 výtl.)
040 _aSNK
_bslo
_cSNK
_eAACR2
041 1 _aslo
_hslo
044 _axo
_cSK
080 _a885.4-3
080 _a885.4-4
100 1 _aMináč, Vladimír
_4aut
245 1 0 _aKto kráča po ceste
_cVladimír Mináč ; Jozef Gális, Karol Rosmány
250 _a5., vyd.
260 _aBratislava
_bSmena
_c1978
_eBanská Bystrica
_fTlačiarne SNP
300 _a212 s., 15,73 AH
_c20 cm
490 0 _aMáj
_vZv. 306.
500 _aRozlož. tit. list. Spoluvyd. Mladá fronta a Naše Vojsko, Praha. V Smene 1. vyd.
700 1 _aGális, Jozef
_4bkd
700 1 _aRosmány, Karol
_4bkd
958 _aA
999 _c12223
_d12223